[Event "KONIK MORSKI REWALA 2013-B"]
[Site "Rewal"]
[Date "2013.08.26"]
[Round "6.25"]
[White "Rudol, Maria"]
[Black "Matzkowiak, Roman"]
[Result "1-0"]
[WhiteElo "1446"]
[BlackElo "1802"]
[PlyCount "169"]
[EventDate "2013.??.??"]

1. c4 e5 2. Nc3 Nf6 3. g3 Nc6 4. Bg2 Bc5 5. e3 O-O 6. Nge2 d6 7. O-O a5 8. h3
Bf5 9. d3 Qd7 10. Kh2 Rfe8 11. a3 Rab8 12. e4 Be6 13. f4 exf4 14. gxf4 Qe7 15.
d4 Nxd4 16. Nxd4 Bxc4 17. Re1 g6 18. Be3 Nh5 19. b3 Ba6 20. Nd5 Rbd8 21. b4
axb4 22. axb4 Bxd4 23. Qxd4 c6 24. Nc3 Qh4 25. Qd2 Bc4 26. Kg1 Be6 27. Qf2
Qxf2+ 28. Kxf2 f5 29. h4 fxe4 30. Nxe4 d5 31. Ng5 Bf5 32. Bf3 Ng7 33. Kg3 h6
34. Nh3 Be4 35. Bxe4 Rxe4 36. Bc5 Nf5+ 37. Kg4 Rde8 38. Rxe4 Rxe4 39. Ra8+ Kf7
40. Ra7 Kf6 41. Rxb7 h5+ 42. Kf3 Nxh4+ 43. Kf2 Kf5 44. Kg3 g5 45. Rf7+ Kg6 46.
Nxg5 Nf5+ 47. Kf3 Rc4 48. Rc7 Rc3+ 49. Ke2 Ng3+ 50. Kd2 Rc4 51. Rxc6+ Kf5 52.
Rd6 Kxf4 53. Rxd5 Nf5 54. Ne6+ Ke4 55. Rd3 h4 56. Ng5+ Kf4 57. Nf3 h3 58. Nh2
Ke4 59. Rxh3 Kd5 60. Rd3+ Kc6 61. Nf3 Rf4 62. Nd4+ Nxd4 63. Rxd4 Rf3 64. Rd3
Rf4 65. Kc3 Kb5 66. Kb3 Rg4 67. Kc3 Re4 68. Kd2 Rg4 69. Re3 Rh4 70. Kd3 Rg4 71.
Re8 Rg3+ 72. Kd4 Rg4+ 73. Kd5 Rg5+ 74. Kd6 Rg6+ 75. Kc7 Rg7+ 76. Kb8 Rh7 77.
Re7 Rh6 78. Rb7+ Ka6 79. b5+ Ka5 80. b6 Kb5 81. Rc7 Rh8+ 82. Rc8 Rh7 83. Rd8
Rf7 84. Kc8 Rh7 85. b7 1-0

[Event "KONIK MORSKI REWALA 2013-B"]
[Site "Rewal"]
[Date "2013.08.26"]
[Round "6.26"]
[White "Miczek, Szczepan"]
[Black "Burakowska, Gabriela"]
[Result "0-1"]
[WhiteElo "1797"]
[BlackElo "1691"]
[PlyCount "94"]
[EventDate "2013.??.??"]

1. e4 c5 2. Nf3 e6 3. d4 cxd4 4. Nxd4 a6 5. Nc3 b5 6. Bd3 Qc7 7. O-O Bb7 8. Qf3
Nf6 9. Re1 d6 10. Bg5 Be7 11. Qg3 Nc6 12. Nxc6 Bxc6 13. h3 Qb7 14. f3 b4 15.
Nd1 Bb5 16. Nf2 Bxd3 17. Nxd3 Rc8 18. Rac1 Qb5 19. e5 dxe5 20. Qxe5 Qb6+ 21.
Be3 Qc6 22. c3 O-O 23. cxb4 Qb7 24. a3 Nd5 25. Nc5 Bxc5 26. Bxc5 Rfe8 27. Bd4
f6 28. Qe4 Rcd8 29. Rc5 Qf7 30. Rec1 e5 31. Bf2 Nf4 32. Qc4 Rd2 33. Qxf7+ Kxf7
34. R1c2 Red8 35. Rc7+ Kg6 36. R7c6 Rd1+ 37. Kh2 Rf1 38. Be3 Rdd1 39. Rd2 Rde1
40. Kg3 Rxe3 41. Rxa6 Ne2+ 42. Kh2 Nd4 43. a4 Nf5 44. g3 Ree1 45. b5 Rh1+ 46.
Kg2 Ne3+ 47. Kf2 Rhf1# 0-1

[Event "KONIK MORSKI REWALA 2013-B"]
[Site "Rewal"]
[Date "2013.08.26"]
[Round "6.27"]
[White "Drela, Michal"]
[Black "Niedbal, Piotr"]
[Result "1/2-1/2"]
[WhiteElo "1643"]
[BlackElo "1773"]
[PlyCount "116"]
[EventDate "2013.??.??"]

1. d4 d5 2. Nf3 Nf6 3. c4 c6 4. e3 Bf5 5. Nc3 e6 6. Be2 dxc4 7. Bxc4 Be7 8. O-O
O-O 9. Re1 Nbd7 10. e4 Bg4 11. h3 Bxf3 12. Qxf3 Nb6 13. Qd3 Nxc4 14. Qxc4 Re8
15. Be3 Qa5 16. a3 Qh5 17. f3 Qg6 18. Ne2 Nh5 19. Nf4 Nxf4 20. Bxf4 Bg5 21.
Bxg5 Qxg5 22. Qb4 Rab8 23. Rac1 h6 24. Rc5 Qe7 25. Qc3 Rbd8 26. Kf1 Rd7 27. Rc4
Red8 28. Qa5 a6 29. Qb6 e5 30. dxe5 Qxe5 31. Rc2 Qb8 32. Qb4 Qh2 33. Rce2 Qf4
34. Qa5 Rd3 35. Qf5 Qc7 36. e5 Qa5 37. Qg4 Rd1 38. e6 Rxe1+ 39. Rxe1 Qb5+ 40.
Kg1 fxe6 41. Qxe6+ Kh8 42. b4 Qg5 43. Qf7 Kh7 44. Re8 Rxe8 45. Qxe8 Qd5 46. Qc8
Qb5 47. Qe6 Qb6+ 48. Kh1 Qd8 49. Qf5+ Kh8 50. Qf7 Qc8 51. Qe7 b6 52. Qa7 c5 53.
Qxb6 c4 54. Qg6 c3 55. Qc2 Qc4 56. Kg1 Kg8 57. Kf2 Qd4+ 58. Ke2 Kh8 1/2-1/2

[Event "KONIK MORSKI REWALA 2013-B"]
[Site "Rewal"]
[Date "2013.08.26"]
[Round "6.28"]
[White "Posuniak, Weronika"]
[Black "Kopica, Paulina"]
[Result "0-1"]
[WhiteElo "1584"]
[BlackElo "1750"]
[PlyCount "64"]
[EventDate "2013.??.??"]

1. d4 e6 2. Nf3 f5 3. Bf4 Nf6 4. e3 b6 5. h3 Bb7 6. Bd3 Be7 7. O-O O-O 8. Nbd2
h6 9. c3 d6 10. Qc2 g5 11. Bh2 Bxf3 12. Nxf3 d5 13. c4 c6 14. cxd5 cxd5 15.
Rac1 Qe8 16. Ne5 Bd6 17. Nc6 Bxh2+ 18. Kxh2 Nbd7 19. Ba6 Qh5 20. Qd1 g4 21. f3
Kh8 22. Qe1 Rg8 23. Be2 gxh3 24. gxh3 Qg5 25. Qf2 f4 26. exf4 Qxf4+ 27. Kh1 Nh5
28. Qe1 Ng3+ 29. Kg2 Nxe2+ 30. Kf2 Nxc1 31. Qxc1 Qxc1 32. Rxc1 Rac8 0-1

[Event "KONIK MORSKI REWALA 2013-B"]
[Site "Rewal"]
[Date "2013.08.26"]
[Round "6.30"]
[White "Hagner, Pawel"]
[Black "Pietinen, Pekka"]
[Result "0-1"]
[WhiteElo "1772"]
[BlackElo "2015"]
[PlyCount "76"]
[EventDate "2013.??.??"]

1. d4 Nf6 2. Nf3 b6 3. Bg5 Ne4 4. Bh4 Bb7 5. e3 d6 6. c3 c5 7. Nbd2 Nxd2 8.
Qxd2 g6 9. Qc2 a6 10. Rd1 Qc7 11. d5 Bg7 12. Be2 b5 13. O-O Nd7 14. Rfe1 Nb6
15. e4 O-O 16. Bg3 Rad8 17. Bf1 Rfe8 18. e5 Bxd5 19. exd6 exd6 20. Nd2 Qc6 21.
f3 Be6 22. c4 d5 23. cxb5 axb5 24. b3 Bf5 25. Bd3 Bxd3 26. Qxd3 c4 27. bxc4
dxc4 28. Qc2 Nd5 29. Ne4 Nb4 30. Qb1 Nd3 31. Rf1 Rd7 32. Nf2 Red8 33. Nxd3 Rxd3
34. Rxd3 Rxd3 35. Re1 Qd7 36. Qb4 Bf8 37. Qa5 c3 38. Qa4 bxa4 0-1

[Event "KONIK MORSKI REWALA 2013-B"]
[Site "Rewal"]
[Date "2013.08.26"]
[Round "6.31"]
[White "Czepczynski, Boguslaw"]
[Black "Kozaczynska, Aleksandra"]
[Result "1-0"]
[WhiteElo "1890"]
[BlackElo "1584"]
[PlyCount "133"]
[EventDate "2013.??.??"]

1. c4 c5 2. Nc3 g6 3. Nf3 Bg7 4. g3 d6 5. d4 Nd7 6. Bg2 Qa5 7. O-O cxd4 8. Nxd4
Qc5 9. Be3 Qa5 10. Rc1 Ngf6 11. a3 O-O 12. Qa4 Qxa4 13. Nxa4 Ng4 14. Nc2 Nde5
15. Bg5 f6 16. Bf4 g5 17. Bd2 Bd7 18. Nc3 Bc6 19. Nd5 Kf7 20. Ncb4 Rac8 21. b3
Nd7 22. Bh3 h5 23. Nxc6 bxc6 24. Ne3 Nxe3 25. Bxe3 Rc7 26. b4 Rb8 27. Rc2 a6
28. Rfc1 g4 29. Bg2 c5 30. Bd2 Ne5 31. f4 gxf3 32. exf3 Nd3 33. Rb1 cxb4 34.
axb4 Rcb7 35. f4 Rb6 36. f5 Nxb4 37. Rcb2 a5 38. Be3 Ra6 39. Bf3 e6 40. Bxh5+
Ke7 41. fxe6 Kxe6 42. Bd4 Rc6 43. Re2+ Kd7 44. Bg4+ Kd8 45. Rbe1 Bf8 46. Re8+
Kc7 47. Rxb8 Kxb8 48. Re8+ Kb7 49. Rxf8 Rxc4 50. Bf3+ d5 51. Bxf6 a4 52. Be7
Ka7 53. Bxb4 Rxb4 54. Bxd5 Rd4 55. Ra8+ Kb6 56. Bf7 Kb7 57. Re8 a3 58. Re2 Kc7
59. Re3 Ra4 60. Ba2 Kd6 61. Kf2 Ra8 62. g4 Rh8 63. Kg3 Rb8 64. h4 Kc5 65. g5
Kd4 66. Rxa3 Ke4 67. g6 1-0

[Event "KONIK MORSKI REWALA 2013-B"]
[Site "Rewal"]
[Date "2013.08.26"]
[Round "6.32"]
[White "Puroila, Sippo"]
[Black "Jaskiewicz, Kamila"]
[Result "1/2-1/2"]
[WhiteElo "1880"]
[BlackElo "1676"]
[PlyCount "83"]
[EventDate "2013.??.??"]

1. d4 d5 2. c3 Nf6 3. Bg5 Nbd7 4. Nd2 h6 5. Bh4 e6 6. Qc2 c5 7. e3 a6 8. Ngf3
Bd6 9. Be2 Qc7 10. O-O O-O 11. Rac1 b5 12. a4 c4 13. b3 Bb7 14. Bg3 Bxg3 15.
hxg3 e5 16. dxe5 Nxe5 17. Nd4 Bc6 18. axb5 axb5 19. Ra1 Rfc8 20. b4 Bd7 21.
N2f3 Ng6 22. Rad1 Qa7 23. Nh4 Ne7 24. Nhf5 Bxf5 25. Nxf5 Nxf5 26. Qxf5 Qa3 27.
Rc1 Ne4 28. Qe5 Re8 29. Qd4 Qb2 30. Bf3 Qd2 31. Bxe4 Qxd4 32. exd4 Rxe4 33.
Rce1 Rxe1 34. Rxe1 f6 35. Re7 Ra1+ 36. Kh2 Rc1 37. Rd7 Rxc3 38. Rxd5 Rd3 39.
Rxb5 Rxd4 40. Rc5 c3 41. b5 Rb4 42. Rxc3 1/2-1/2

[Event "KONIK MORSKI REWALA 2013-B"]
[Site "Rewal"]
[Date "2013.08.26"]
[Round "6.33"]
[White "Jelen, Janusz"]
[Black "Zhuk, Dmitriy"]
[Result "1-0"]
[WhiteElo "1931"]
[BlackElo "1593"]
[PlyCount "95"]
[EventDate "2013.??.??"]

1. d4 e6 2. c4 Nf6 3. Nc3 d5 4. f3 Nc6 5. e3 Bb4 6. Bd3 Bd7 7. Nge2 O-O 8. O-O
a6 9. c5 Bxc3 10. bxc3 e5 11. e4 dxe4 12. fxe4 Re8 13. d5 Ne7 14. Bg5 Ng6 15.
Ng3 h6 16. Bxf6 gxf6 17. Nh5 Rf8 18. Nxf6+ Kg7 19. Qf3 Qe7 20. Kh1 Be8 21. Rab1
Rb8 22. Bxa6 Qxc5 23. Nh5+ Kh7 24. Qf6 Rg8 25. Bxb7 Nf4 26. Qf5+ Rg6 27. Nf6+
Kh8 28. Qxe5 Nd3 29. Qd4 Qxd4 30. cxd4 Ba4 31. e5 Kg7 32. Kg1 Bc2 33. Rb5 Ba4
34. Ra5 Bc2 35. d6 cxd6 36. Be4 Rg5 37. h4 Rg6 38. Bxg6 Kxg6 39. exd6 Nb4 40.
Ra7 Nc6 41. Rc7 Nxd4 42. h5+ Kg7 43. d7 Bf5 44. Rxf5 Nxf5 45. Ne8+ Kf8 46. Rc8
Rb1+ 47. Kh2 Rd1 48. Nd6+ 1-0

[Event "KONIK MORSKI REWALA 2013-B"]
[Site "Rewal"]
[Date "2013.08.26"]
[Round "6.34"]
[White "Kardasz, Wladyslaw"]
[Black "Kasianczuk, Krzysztof"]
[Result "0-1"]
[WhiteElo "1846"]
[BlackElo "1560"]
[PlyCount "38"]
[EventDate "2013.??.??"]

1. e4 c5 2. Nf3 Nc6 3. d4 cxd4 4. Nxd4 Nf6 5. Nxc6 bxc6 6. Qd4 e6 7. e5 Nd5 8.
Be2 Qa5+ 9. Bd2 Qb6 10. Qxb6 axb6 11. O-O Bc5 12. a3 O-O 13. a4 Nc7 14. Bc3 Ne8
15. b4 Be7 16. Nd2 f6 17. f4 fxe5 18. fxe5 Rxf1+ 19. Kxf1 c5 {Czas} 0-1

[Event "KONIK MORSKI REWALA 2013-B"]
[Site "Rewal"]
[Date "2013.08.26"]
[Round "6.35"]
[White "Gajzner, Ryszard"]
[Black "Kowacz, Agnieszka"]
[Result "1-0"]
[WhiteElo "1755"]
[BlackElo "1366"]
[PlyCount "61"]
[EventDate "2013.??.??"]

1. d4 d5 2. c4 e6 3. g3 b6 4. Bg2 Bb7 5. Nc3 Bb4 6. Nf3 Nf6 7. Qa4+ Nc6 8. Ne5
Bxc3+ 9. bxc3 Qd6 10. Ba3 Qd8 11. cxd5 Nxd5 12. Rc1 a6 13. c4 b5 14. Qd1 Nxe5
15. dxe5 bxc4 16. O-O Rb8 17. Qa4+ Qd7 18. Qxc4 c6 19. Rfd1 Nb6 20. Qh4 Nd5 21.
e4 h6 22. exd5 cxd5 23. Bd6 g5 24. Qb4 Rc8 25. Qb2 Bc6 26. Rc2 Ba4 27. Rxc8+
Qxc8 28. Rc1 Bc6 29. Qb6 Kd7 30. Qa7+ Kd8 31. Qe7# 1-0